000 00703nam a2200205Ii 4500
003 JO-AjNU
008 230606s9999||||xx |||||||||||||| ||und||
020 _a978-1-80107-148-2
040 _aJO-AjNU
_beng
_erda
_cJO-AjNU
041 _aeng
050 1 4 _aQA76.76.C672 2022
100 3 _aBorromeoK,Nicolas Alejandro ,
_eauthor
_96567
245 0 0 _aHands-On Unity 2021 Game Development: Create, customize, and optimize your own professional games from scratch with Unity 2021
250 _a2ed
264 3 1 _aBIRMINGHAM-MUMBAL : PACKT,2022
336 _atext
_btxt
_2rdacontent
337 _aunmediated
_bn
_2rdamedia
338 _avolume
_bnc
_2rdacarrier
650 4 _aComputer games- Programming
_96568
999 _aE3408
_c3404
_d3404